000
00239nam a2200097Ia 4500
001
929604
005
20250826191657.0
008
250824s9999 xx 000 0 und d
245
0
_a
HARİKA ÇOCUKLAR
_c
CAHİT UÇUK
260
_b
BİLGE YAYINLARI
999
_c
929604
_d
929604